| 000 | 00379pab a2200157 454500 | ||
|---|---|---|---|
| 008 | 180718b2013 xxu||||| |||| 00| 0 eng d | ||
| 100 | _aPinto, Ambrose | ||
| 245 | _aSri Lankan war crimes: Need for an international inquiry | ||
| 260 | _c2013 | ||
| 300 | _ap.21-22,31 | ||
| 362 | _a16 Nov | ||
| 650 | _aWar crimes | ||
| 773 | _aMainstream | ||
| 908 | _aN | ||
| 909 | _a101447 | ||
| 999 |
_c101445 _d101445 |
||